00878nam a22002297a 4500999001500000003000900015008004100024040007100065082001600136100002300152245006900175260005100244300002800295440005400323505014400377650003100521650002200552650001600574700003300590942001600623945000900639 c6367d6367AR-CdUCM190315b ||||| |||| 00| 0 spa d aMUNICIPALIDAD PROVINCIAL DEL CUSCOcBIBLIOTECA MUNICIPAL DEL CUSCO a030 /bR741 aRojas, Fernando de aLa Celestina :bLos mejores libros de la literatura española / aLima :bEditora de Publicaciones Gente,c1987. a127 páginas :c17 cm. aMejores libros de la literatura española918156 aContenido: t.2 Octavo auto, noveno auto, décimo auto -- t.1 La celestina, EL autor a un su amigo, Siguese la tragicomedia, Primer auto... aLiteratura española9362 aColección92826 aSiglo XX98 aBanco de la Nación.918155 2ddccLIBROS adavv